Memahami pemikiran lateral

Bibliographic Details
Main Author: Ainon Mohd
Other Authors: Abdullah Hassan
Format: Book
Published: Kuala Lumpur : Utusan Publishing & Dist. , 1997
Subjects:

MARC

LEADER 00000cam a2200000 7i4500
001 0000002811
005 20050613.0
020 |a 967610728x 
040 |a INS 
090 0 0 |a BF408.   |b A56 1997 
100 0 |a Ainon Mohd. 
245 1 0 |a Memahami pemikiran lateral   |c Ainon Mohd 
260 |a Kuala Lumpur :   |b Utusan Publishing & Dist. ,   |c 1997 
300 |a 178p 
650 0 0 |a Creative thinking 
650 0 0 |a Lateral thinking 
650 0 0 |a Thought and thinking 
700 0 |a Abdullah Hassan 
999 |a 0000007202   |b BOOK   |c Open Shelf   |e Default branch